00434 2200169 4500001002100000008004100021035002000062245004500082100002000127260003100147300001200178084001600190082000800206650001200214990001800226990002000244INLIS000000000000498 ind  a0010-0724000498 aAsal Mula Reog PonorogocTira Ikranegara aTira Ikranegara aSurabayabSerba Jayac2008 a64 hlm. a398.5 TIR a a398 aFolklor aP29/CP/24/498 aP29/CP/24/498.1